Veda a ĺudstvo 1977 biológia, medicína, fyzika, astronómia

Bibliographic Details
Other Authors: Sporka, Ondrej (Compiler), Jozefíniová, Emília (Translator), Kohlmann, Juraj (Translator), Pullmanová, Viera (Translator)
Format: Book
Language:Slovak
Russian
PhysicalDescription:268 s. fotog., grafy, mp., sch. 21 cm
Published: Bratislava Obzor 1976
Edition:1. vyd.
Series:Malá moderná encyklopédia
Subjects:

MARC

LEADER 00000cam a2200000 a 4500
001 vtls001104104
003 SK-MaSNL
005 20260505142028.0
008 250414s1976 xo odblfry 000 0dslo
015 |a SNBA1976/05 
020 |q (viaz.) 
035 |a SNK000046946 
040 |a SNK  |b slo  |c SNK  |e AACR2 
041 1 |a slo  |h rus 
044 |a xo  |c SK 
072 7 |a 5  |x Prírodné vedy. Matematické vedy  |2 konspekt 
072 7 |a 61  |x Lekárske vedy. Medicína  |2 konspekt 
080 |a 57+61+52/53(100)(058)  |2 1981 
080 |a 61  |2 1981 
080 |a 52/53(100)(058)  |2 1981 
080 |a 61(100)(058)  |2 1981 
080 |a 57/59  |2 2011 
080 |a 61  |2 2011 
080 |a 53  |2 2011 
080 |a 52  |2 2011 
245 0 0 |a Veda a ĺudstvo 1977  |b biológia, medicína, fyzika, astronómia  |c zostavil Ondrej Sporka ... [et al.] ; preklad Emília Jozefíniová, Juraj Kohlmann, Viera Pullmanová 
250 |a 1. vyd. 
260 |a Bratislava  |b Obzor  |c 1976 
300 |a 268 s.  |b fotog., grafy, mp., sch.  |c 21 cm 
366 |e 2000 výtl. 
490 1 |a Malá moderná encyklopédia 
500 |a Obsahuje biografické údaje 
650 0 7 |a biológia  |2 SNKPH  |9 689 
650 0 7 |a medicína  |2 SNKPH  |9 899 
650 0 7 |a fyzika  |2 SNKPH  |9 816 
650 0 7 |a astronómia  |2 SNKPH  |9 730 
655 7 |a ročenky  |2 SNKPH  |9 57146 
700 1 |a Sporka, Ondrej  |4 com  |9 279450 
700 1 |a Jozefíniová, Emília  |4 trl  |9 279451 
700 1 |a Kohlmann, Juraj  |4 trl  |9 279452 
700 1 |a Pullmanová, Viera  |4 trl  |9 279453 
830 0 |a Malá moderná encyklopédia  |9 276679 
850 |a Slovenská národná knižnica 
852 |a Slovenská národná knižnica 
954 |a biológia  |a medicína  |a fyzika  |a astronómia 
958 |a OND 
958 |a TL 
958 |a OP 
958 |a MI 
999 |c 534652  |d 536582 
952 |t P60, <04>, [BOOK], {604}  |a SNK  |b SNK  |y VYP  |7 0  |p 17A0021151  |o snkČSD 869/1977 D1  |0 0  |1 0  |4 0  |d 1996-11-12  |l 0  |r 2004-12-31 00:00:00  |w 2026-02-23